| 000 | 00513nam a2200157 i 4500 | ||
|---|---|---|---|
| 001 | bg | ||
| 245 | 0 |
_aOrganizacja i zarządzanie w przemyśle maszynowym : _bmateriały do ćwiczeń i projektowania : praca zbiorowa / _cpod red. Stanisława Stacholca. |
|
| 260 |
_aŁódź, _c1980. |
||
| 490 | 1 | _aSkrypty dla Szkół Wyższych | |
| 700 | 1 |
_aStacholec, Stanisław. _eRed. |
|
| 830 | _aSkrypty dla Szkół Wyższych | ||
| 040 | _cBPK | ||
| 041 | _apol | ||
| 942 | _cKS | ||
| 008 | s pl f |000 0 pol | ||
| 999 |
_c19625 _d19625 |
||
| 856 |
_uhttp://koha.tu.koszalin.pl/cgi-bin/koha/opac-detail.pl?biblionumber=19625 _yKatalog online BPK |
||